Two amino acid amidohydrolase genes encoding L-stereospecific carbamoylase and aminoacylase are organized in a common operon in Bacillus stearothermophilus /
Na minha lista:
| Outros Autores: | , , , |
|---|---|
| Formato: | Artigo |
| Idioma: | English |
| Assuntos: | |
| Tags: |
Adicionar Tag
Sem tags, seja o primeiro a adicionar uma tag!
|
| Thư viện lưu trữ: | Thư viện Trường Đại học Đà Lạt |
|---|
| LEADER | 01119nam a2200361 4500 | ||
|---|---|---|---|
| 001 | DLU090096018 | ||
| 005 | ##20091201 | ||
| 040 | # | # | |a DLU |b eng |
| 041 | # | # | |a eng |
| 044 | # | # | |a us |
| 245 | # | # | |a Two amino acid amidohydrolase genes encoding L-stereospecific carbamoylase and aminoacylase are organized in a common operon in Bacillus stearothermophilus / |c N. Batisse ... [et al.]. |
| 653 | # | # | |a Aminoacylase |
| 653 | # | # | |a Bacillus stearothermophilus |
| 653 | # | # | |a Bacteria |
| 653 | # | # | |a Enzymes |
| 653 | # | # | |a Genetic mapping |
| 653 | # | # | |a Genome organization |
| 653 | # | # | |a Nucleotide sequence |
| 653 | # | # | |a Operon |
| 700 | # | # | |a Batisse, N. |
| 700 | # | # | |a Lecocq, M. |
| 700 | # | # | |a Sakanyan, V. |
| 700 | # | # | |a Weigel, P. |
| 773 | # | # | |t Applied and Environmental Microbiology |g Vol. 63, no. 2 (February 1997), p. 763-766 |
| 920 | # | # | |a Phòng Tạp chí -- Trung tâm Thông tin - Thư viện Trường Đại học Đà Lạt |
| 994 | # | # | |a DLU |
| 900 | # | # | |a True |
| 911 | # | # | |a Trương Bảo Trâm Anh |
| 925 | # | # | |a G |
| 926 | # | # | |a A |
| 927 | # | # | |a BB |
| 980 | # | # | |a Thư viện Trường Đại học Đà Lạt |